| 000 | 00625nam a2200229 a 4500 | ||
|---|---|---|---|
| 005 | 20140310183450.0 | ||
| 008 | 090120s19uu xx 00 eng d | ||
| 020 | _a9780071274081 | ||
| 050 |
_aHD 38.5 _b.B43 2010 |
||
| 100 | _aBeckman, Sara L. | ||
| 245 |
_aOperations strategy : _bcompeting in the 21st century / _cSara L. Beckman. |
||
| 260 |
_aBoston : _bMcGraw-Hill, _c2010. |
||
| 300 |
_a462 p. : _bill. ; _c23 cm. |
||
| 521 | _aBSBA | ||
| 546 | _aC12150 | ||
| 546 | _aC12151 | ||
| 650 | _aBSBA. | ||
| 650 | _aBusiness logistics. | ||
| 700 | _aBeckman, Donald B. | ||
| 942 |
_cBK _2lcc _kFOR |
||
| 999 |
_c23372 _d23372 |
||